Optimal Allocation of PV & Wind DG for Enhancing Distribution System Reliability Using Single and Multi-Objective Ant-Lion Optimizer / (Record no. 607483)
[ view plain ]
| 000 -LEADER | |
|---|---|
| fixed length control field | 00546nam a22001577a 4500 |
| 082 ## - DEWEY DECIMAL CLASSIFICATION NUMBER | |
| Classification number | 621.312 |
| Author Mark | SHA |
| 100 ## - MAIN ENTRY--PERSONAL NAME | |
| Personal name | Shaarif, Muhammad(362269) |
| 245 ## - TITLE STATEMENT | |
| Title | Optimal Allocation of PV & Wind DG for Enhancing Distribution System Reliability Using Single and Multi-Objective Ant-Lion Optimizer / |
| 264 ## - PRODUCTION, PUBLICATION, DISTRIBUTION, MANUFACTURE, AND COPYRIGHT NOTICE | |
| Place of production, publication, distribution, manufacture | Islamabad : |
| Name of producer, publisher, distributor, manufacturer | USPCAS-E, NUST |
| Date of production, publication, distribution, manufacture, or copyright notice | November, 2023. |
| 300 ## - PHYSICAL DESCRIPTION | |
| Extent | xi, 54 p. |
| Accompanying material | +CD |
| 520 ## - SUMMARY, ETC. | |
| Summary, etc. | <br/><br/><br/><br/><br/><br/>TH-542<br/><br/><br/> |
| 650 ## - SUBJECT ADDED ENTRY--TOPICAL TERM | |
| Topical term or geographic name entry element | MS EEP Thesis |
| 650 ## - SUBJECT ADDED ENTRY--TOPICAL TERM | |
| Topical term or geographic name entry element | MS Thesis |
| 700 ## - ADDED ENTRY--PERSONAL NAME | |
| Personal name | Dr.Muhammad Yousif |
| 942 ## - ADDED ENTRY ELEMENTS (KOHA) | |
| Source of classification or shelving scheme | |
| Koha item type | Thesis |
| Withdrawn status | Permanent Location | Current Location | Date acquired | Full call number | Barcode | Koha item type |
|---|---|---|---|---|---|---|
| US-Pakistan Center for Advanced Studies in Energy (USPCAS-E) | US-Pakistan Center for Advanced Studies in Energy (USPCAS-E) | 01/22/2024 | 621.312 SHA | CAS-ETH0000542 | Thesis |
